000 00651nam a2200241Ia 4500
001 30829
005 20240114001503.0
007 ta
008 060727s1373 g b000 u 346 u
040 _aCotton College,Assam
041 _a346
082 _a891.4409
_bM 687 R
100 _aMoitra, Naresh Nath .
245 0 _aRabindra Sahityer Koyekti Dik /
_cNaresh Nath Moitra.
_hTextual Documents
250 _a1st ed. /
260 _aCalcutta :
_bBasu Book Stall ,
_c1373.
300 _a104p. ;
_c22cm.
653 _aBengali Literature-Criticism
653 _aG-Bengali
942 _2ddc
_cBK
999 _c30811
_d30811